|
|
|
|
| LEADER |
02104cam a2200589 i 4500 |
| 001 |
nkc20102126022 |
| 003 |
CZ PrNK |
| 005 |
20200220114123.0 |
| 007 |
ta |
| 008 |
101214s2010 xr ch e 000 0ccze d |
| 015 |
|
|
|a cnb002126022
|
| 020 |
|
|
|a 978-80-86391-38-0
|q (vázáno) :
|c Kč 250,00
|
| 035 |
|
|
|a (OCoLC)920661256
|
| 040 |
|
|
|a TAG001
|b cze
|d CBA001
|d ABA001
|e rda
|
| 043 |
|
|
|a e-xr---
|
| 045 |
|
|
|a x-y-
|
| 072 |
|
7 |
|a 796
|x Sport. Hry. Tělesná cvičení
|2 Konspekt
|9 20
|
| 072 |
|
7 |
|a 929
|x Biografie
|2 Konspekt
|9 8
|
| 080 |
|
|
|a 929
|2 MRF
|
| 080 |
|
|
|a 796.966.071.2
|2 MRF
|
| 080 |
|
|
|a 796.966
|2 MRF
|
| 080 |
|
|
|a (437.3)
|2 MRF
|
| 080 |
|
|
|a (092)
|2 MRF
|
| 080 |
|
|
|a (0:82-94)
|2 MRF
|
| 080 |
|
|
|a (047.53)
|2 MRF
|
| 100 |
1 |
|
|a Kaberle, František,
|d 1951-
|7 xx0129964
|4 aut
|
| 245 |
1 |
0 |
|a Já a moji synové /
|c František Kaberle, Alena Šloufová
|
| 264 |
|
1 |
|a [Pelhřimov] :
|b 999,
|c 2010
|
| 300 |
|
|
|a 174 stran :
|b portréty (převážně barevné), faksimile ;
|c 22 cm
|
| 336 |
|
|
|a text
|b txt
|2 rdacontent
|
| 337 |
|
|
|a bez média
|b n
|2 rdamedia
|
| 338 |
|
|
|a svazek
|b nc
|2 rdacarrier
|
| 600 |
1 |
7 |
|a Kaberle, František,
|d 1951-
|7 xx0129964
|2 czenas
|
| 600 |
1 |
7 |
|a Kaberle, František,
|d 1973-
|7 xx0131179
|2 czenas
|
| 600 |
1 |
7 |
|a Kaberle, Tomáš,
|d 1978-
|7 xx0131180
|2 czenas
|
| 648 |
|
7 |
|a 20.-21. století
|7 ch462155
|2 czenas
|
| 650 |
0 |
7 |
|a hokejisté
|7 ph114685
|z Česko
|y 20.-21. století
|2 czenas
|
| 650 |
0 |
7 |
|a lední hokej
|7 ph115102
|y 20.-21. století
|2 czenas
|
| 650 |
0 |
9 |
|a hockey players
|z Czechia
|y 20th-21st centuries
|2 eczenas
|
| 650 |
0 |
9 |
|a ice hockey
|y 20th-21st centuries
|2 eczenas
|
| 655 |
|
7 |
|a biografie
|7 fd131909
|2 czenas
|
| 655 |
|
7 |
|a rozhovory
|7 fd133303
|2 czenas
|
| 655 |
|
7 |
|a vzpomínky
|7 fd133830
|2 czenas
|
| 655 |
|
9 |
|a biography
|2 eczenas
|
| 655 |
|
9 |
|a interviews
|2 eczenas
|
| 655 |
|
9 |
|a reminiscences
|2 eczenas
|
| 700 |
1 |
|
|a Šloufová, Alena,
|d 1948-
|7 jn20010309128
|4 aut
|
| 910 |
2 |
|
|a BOA001
|b 2-1442.506
|
| 920 |
|
|
|a 0277281
|z CBA001
|
| 990 |
|
|
|a BK
|
| 995 |
|
|
|a 01
|
| 996 |
6 |
|
|b 2610816127
|c 2-1442.506
|l MZK
|r Sklad / do 1 hodiny
|n 0
|p dar
|w 001783399
|u 000010
|a 1
|e BOA001
|j MZK50
|s P
|